01427nam a22003494a 4500001001200000003000800012006001900020007001500039008004100054010001700095020003500112040002100147035002000168043001200188050002300200082002300223245013100246260004300377300002400420500003500444504005400479530007300533533015200606650003500758650004200793650002200835655002900857700003100886710001700917856012600934999001701060ebr10152624CaPaEBRm u cr cn|||||||||050325s2005 caua sb 000 0 eng  z 2005008592 z0833037935 (pbk. : alk. paper) aCaPaEBRcCaPaEBR a(OCoLC)61672662 an-us---14aN8600b.P67 2005eb04a338.4/77/0904522202aA portrait of the visual artsh[electronic resource] :bmeeting the challenges of a new era /cKevin F. McCarthy ... [et al.]. aSanta Monica, CA :bRAND Corp.,c2005. axxi, 128 p. :bill. a"MG-290-PCT"--P. [4] of cover. aIncludes bibliographical references (p. 117-128). aAlso available in electronic form via the RAND Corporation Web site. aElectronic reproduction.bPalo Alto, Calif. :cebrary,d2013.nAvailable via World Wide Web.nAccess may be limited to ebrary affiliated libraries. 0aArtzUnited StatesxMarketing. 0aArtxEconomic aspectszUnited States. 0aArtxForecasting. 7aElectronic books.2local1 aMcCarthy, Kevin F.,d1945-2 aebrary, Inc.40uhttp://site.ebrary.com/lib/rucke/Doc?id=10152624zAn electronic book accessible through the World Wide Web; click to view c95627d95627